000 00346nam a22001337a 4500
999 _c13238
_d13238
020 _a9781292102368
082 _a570
100 _aEric J.Simon, Jean L. Dickey, Kelly A.Hogan & Jane B.Reece
245 _aCampbell Essential Biology with Physiology
250 _a5th Edition
260 _aUK
_bPearson
_c2016
300 _a750 pages
942 _cBK